Free movement for some but not others (Record no. 74166)
[ view plain ]
| 000 -LEADER | |
|---|---|
| fixed length control field | 01407cab a2200217 4500 |
| 001 - CONTROL NUMBER | |
| control field | WB4008-01 |
| 008 - FIXED-LENGTH DATA ELEMENTS--GENERAL INFORMATION | |
| fixed length control field | 040224n2004 000 0 eng u |
| 035 ## - SYSTEM CONTROL NUMBER | |
| System control number | (Sirsi) u125224 |
| 245 ## - TITLE STATEMENT | |
| Title | Free movement for some but not others |
| 260 ## - PUBLICATION, DISTRIBUTION, ETC. | |
| Date of publication, distribution, etc. | 2004 |
| 490 ## - SERIES STATEMENT | |
| Series statement | RICS Press Release |
| Volume/sequential designation | (pr019) 23 February 2003 (2) |
| 520 ## - SUMMARY, ETC. | |
| Summary, etc. | A vote by the European Parliament on a directive designed to ease the recognition of professional qualifications has dealt a serious blow to construction professionals. An amendment to the proposed EU's which would have acknowledged that building design is also carried out by appropriately qualified surveyors and engineers and not just by architects, was voted against by the parliament. As a result British and Irish building surveyors will be prevented from exporting their building design skills and capabilities to other EU countries. For the RICS Press Release: http://www.rics.org/ricscms/bin/show?class=PressRe lease&template=/includes/showpr.html&id=1129 For the European Commission Press Release: http://www.europa.eu.int/rapid/start/cgi/guesten.k sh?p_action.gettxt=gt&doc=IP/04/197 $0 |
| -- | APID&lg=EN&display= |
| 590 ## - LOCAL NOTE (RLIN) | |
| Local note | WB |
| 650 ## - SUBJECT ADDED ENTRY--TOPICAL TERM | |
| Topical term or geographic name entry element | DIRECTIVE 92/51/EEC |
| 650 ## - SUBJECT ADDED ENTRY--TOPICAL TERM | |
| Topical term or geographic name entry element | CONSTRUCTION PROFESSIONALS |
| 650 ## - SUBJECT ADDED ENTRY--TOPICAL TERM | |
| Topical term or geographic name entry element | BUILDING SURVEYORS |
| 650 ## - SUBJECT ADDED ENTRY--TOPICAL TERM | |
| Topical term or geographic name entry element | ARCHITECTS |
| 650 ## - SUBJECT ADDED ENTRY--TOPICAL TERM | |
| Topical term or geographic name entry element | EUROPEAN PARLIAMENT |
| 690 ## - LOCAL SUBJECT ADDED ENTRY--TOPICAL TERM (OCLC, RLIN) | |
| Topical term or geographic name as entry element | BUILT ENVIRONMENT-CONSTRUCTION DESIGN |
| 942 ## - ADDED ENTRY ELEMENTS (KOHA) | |
| Suppress in OPAC | 0 |
| Withdrawn status | Lost status | Source of classification or shelving scheme | Damaged status | Not for loan | Home library | Current library | Shelving location | Date acquired | Total Checkouts | Full call number | Barcode | Date last seen | Copy number | Price effective from | Koha item type |
|---|---|---|---|---|---|---|---|---|---|---|---|---|---|---|---|
| Dewey Decimal Classification | London | London | News article | 25/02/2004 | WB4008-01 | 125224-1001 | 06/08/2019 | 1 | 06/08/2019 | News article |